000 00795nam a22001937a 4500
999 _c371406
_d371406
008 201127b ||||| |||| 00| 0 eng d
040 _aDE-2950
_bger
_cDE-2950
_erda
041 _ager
245 _aDer schwere Weg zu mehr Präsenz.
_bOffener Brief: Der Asta der Viadrina hat einen offenen Brief an das Uni-Präsidium veröffentlicht, in dem 2G im Sommersemester gefordert wird. Auch weil die Online-Lehre Spuren hinterlässt /
_cJacqueline Westermann
264 _c2022
653 _aFrankfurt (Oder)
653 _aViadrina
653 _aCorona
773 _dFrankfurt (Oder) Märkisches Verlags- und Druckhaus GmbH & Co KG
_tMärkische Oderzeitung
_g33. Jahrgang (2022) Nr. 28 vom 03.02.2022, S. 16
942 _cA